000 00501nam a2200169Ia 4500
003 LK-CoDNM
008 010623t2012 xxu||||| |||| 00| 1 sin d
040 _aLK-CoDNM
_dLK-CoDNM
_eLK-CoDNM
041 _asin
080 _a294.3 AMA
100 _aAmarasiri,Himi
245 _aආනා පාන සති සමථ විපස්සනා භාවනා
246 _aAna Pana Sathi Samatha Vipassana Bawana
260 _bBawana Mandiraya
_aGalkissa
_c2012
300 _b232, 21 cm
942 _cBK
999 _c132155
_d132155